Bharat Ratna: (Record no. 167050)
[ view plain ]
| 000 -LEADER | |
|---|---|
| fixed length control field | 00612nam a22001817a 4500 |
| 010 ## - LCCN (DPL NO) | |
| LC control number | ENG-126235 |
| 020 ## - INTERNATIONAL STANDARD BOOK NUMBER | |
| International Standard Book Number | 978-93-87393-10-3 |
| Terms of availability | 795.00 |
| 035 ## - SYSTEM CONTROL NUMBER | |
| System control number | EN-109767 |
| 037 ## - SOURCE OF ACQUISITION | |
| Source of stock number/acquisition | DBAD/PUB |
| 082 ## - DEWEY DECIMAL CLASSIFICATION NUMBER | |
| Classification number | 920 |
| 100 ## - MAIN ENTRY--PERSONAL NAME | |
| Personal name | Deshwal,Rohit |
| 245 ## - TITLE STATEMENT | |
| Title | Bharat Ratna: |
| Remainder of title | Pt.Madan Mohan Malaviya/ |
| Statement of responsibility, etc | by Rohit Deshwal |
| 260 ## - PUBLICATION, DISTRIBUTION, ETC. (IMPRINT) | |
| Place of publication, distribution, etc | Delhi |
| Name of publisher, distributor, etc | Keshav Books |
| Date of publication, distribution, etc | 2019 |
| 270 ## - ADDRESS | |
| Address | F-7, Gali No.1, 3rd Floor, Panchsheel Garden Ext. Naveen Shahdara, |
| City | Delhi |
| Postal code | 110032 |
| Electronic mail address | keshavbooks30@gmail.com |
| 300 ## - PHYSICAL DESCRIPTION | |
| Extent | v274p. |
| Other physical details | 20cm(pbk) |
| Dimensions | ill |
| 500 ## - GENERAL NOTE | |
| General note | it Includes Index and Bibliography |
| 942 ## - ADDED ENTRY ELEMENTS (KOHA) | |
| Source of classification or shelving scheme | Dewey Decimal Classification |
| Item type | English Books |
| Classification part | 920 |
| Call number suffix | DES |
| Withdrawn status | Lost status | Not for loan | Collection code | Home library | Current library | Date acquired | Source of acquisition | Cost, normal purchase price | Full call number | Barcode | Copy number | Cost, replacement price | Koha item type |
|---|---|---|---|---|---|---|---|---|---|---|---|---|---|
| Non-fiction | Patel Nagar | Patel Nagar | 20/08/2019 | DBAD/PUB | 795.00 | 920 DES | EN-109767 | 1 | 795.00 | English Books |
